| 000 | 00878nam a2200241Ia 4500 | ||
|---|---|---|---|
| 003 | OSt | ||
| 005 | 20220927110513.0 | ||
| 006 | a|||||r|||| 00| 0 | ||
| 007 | ta | ||
| 008 | 220926b |||||||| |||| 00| 0 eng d | ||
| 024 | _a91369 | ||
| 037 | _cReports | ||
| 040 |
_aRTL _cRTL _beng |
||
| 041 |
_2eng _aeng |
||
| 082 | _a"X9(F555):76.2.N6t, K3" | ||
| 110 |
_a"India, Government of .... Steel, Mines And Fuel (M/O-) Mines And Fuel (Department),Oil Price (Enquiry Committee) (1961). ""Chairman : K R Damle""" _9378887 |
||
| 245 | 0 | _aReport | |
| 260 | _c1963 | ||
| 650 | _aPetroleum Industry | ||
| 700 |
_a"India, Government of .... Steel, Mines And Fuel (M/O-) Mines And Fuel (Department),Oil Price (Enquiry Committee) (1961). ""Chairman : K R Damle""" _9378888 |
||
| 942 |
_h"X9(F555):76.2.N6t, K3" _cCC |
||
| 999 |
_c697078 _d697078 |
||